<?xml version="1.0" encoding="UTF-8"?><marc:collection xmlns:marc="http://www.loc.gov/MARC21/slim">
  <marc:record>
    <marc:leader>00000nam  2200000za 4500</marc:leader>
    <marc:controlfield tag="001">9.803664</marc:controlfield>
    <marc:controlfield tag="003">CaOODSP</marc:controlfield>
    <marc:controlfield tag="005">20240830170040</marc:controlfield>
    <marc:controlfield tag="007">cr |||||||||||</marc:controlfield>
    <marc:controlfield tag="008">160728s2015    onc     obs  f000 0 fre d</marc:controlfield>
    <marc:datafield tag="020" ind1=" " ind2=" ">
      <marc:subfield code="a">978-0-660-03358-7</marc:subfield>
    </marc:datafield>
    <marc:datafield tag="040" ind1=" " ind2=" ">
      <marc:subfield code="a">CaOODSP</marc:subfield>
      <marc:subfield code="b">fre</marc:subfield>
    </marc:datafield>
    <marc:datafield tag="043" ind1=" " ind2=" ">
      <marc:subfield code="a">n-cn---</marc:subfield>
    </marc:datafield>
    <marc:datafield tag="086" ind1="1" ind2=" ">
      <marc:subfield code="a">HP40-146/2015F-PDF</marc:subfield>
    </marc:datafield>
    <marc:datafield tag="245" ind1="0" ind2="0">
      <marc:subfield code="a">Rapport Foodbook </marc:subfield>
      <marc:subfield code="h">[ressource électronique].</marc:subfield>
    </marc:datafield>
    <marc:datafield tag="260" ind1=" " ind2=" ">
      <marc:subfield code="a">Ottawa : </marc:subfield>
      <marc:subfield code="b">Agence de santé publique du Canada, </marc:subfield>
      <marc:subfield code="c">2015.</marc:subfield>
    </marc:datafield>
    <marc:datafield tag="300" ind1=" " ind2=" ">
      <marc:subfield code="a">iv, 60 p.</marc:subfield>
    </marc:datafield>
    <marc:datafield tag="500" ind1=" " ind2=" ">
      <marc:subfield code="a">Publ. aussi en anglais sous le titre : Foodbook report.</marc:subfield>
    </marc:datafield>
    <marc:datafield tag="500" ind1=" " ind2=" ">
      <marc:subfield code="a">« Centre des Maladies Infectieuses d’origine Alimentaire, Environnementale et Zoonotique, Direction Générale de la Prévention et Contrôle des Maladies Infectieuses, Agence de la Santé Publique du Canada. »</marc:subfield>
    </marc:datafield>
    <marc:datafield tag="504" ind1=" " ind2=" ">
      <marc:subfield code="a">Comprend des références bibliographiques (p. 11).</marc:subfield>
    </marc:datafield>
    <marc:datafield tag="520" ind1=" " ind2=" ">
      <marc:subfield code="a">Foodbook est un sondage téléphonique basé sur une population, qui a été mené dans toutes les provinces et les territoires du Canada pendant un an, et dont le principal objectif était de décrire les aliments consommés par les Canadiens sur une période de sept jours, afin d’orienter les enquêtes sur les éclosions au Canada et les mesures visant à lutter contre elles. Les données issues de cette étude renforceront les capacités des autorités de santé publique du Canada à réagir rapidement et adéquatement aux éclosions de maladies d’origine alimentaire, et réduiront les répercussions de ces incidents sur la santé des Canadiens. Le Rapport Foodbook résume les renseignements recueillis dans le cadre du sondage au sujet de l’exposition aux aliments, à l’eau et à des animaux. Les données de Foodbook permettront aux partenaires en santé publique et salubrité alimentaire à l’échelle fédérale, provinciale et territoriale (FPT) : d’orienter une lutte rapide et efficace contre les éclosions de maladies d’origine alimentaire; de déterminer les sources de maladies entériques, afin de faciliter les évaluations des risques et les interventions en santé publique, et prévenir des maladies; et de mieux analyser les corrélations entre les profils de consommation, l’obésité et le statut socioéconomique. L’étude Foodbook vient combler de vastes lacunes en matière de données sur l’exposition des Canadiens aux aliments, à l’eau et aux animaux aux fins d’enquête et de lutte contre les éclosions de maladies d’origine alimentaire. Ces données sont destinées aux intervenants FPT qui unissent leurs efforts pour enquêter sur les maladies entériques au Canada, lutter contre elles, les prévenir et les comprendre.</marc:subfield>
    </marc:datafield>
    <marc:datafield tag="692" ind1="0" ind2="7">
      <marc:subfield code="2">gccst</marc:subfield>
      <marc:subfield code="a">Aliment</marc:subfield>
    </marc:datafield>
    <marc:datafield tag="692" ind1="0" ind2="7">
      <marc:subfield code="2">gccst</marc:subfield>
      <marc:subfield code="a">Alimentation</marc:subfield>
    </marc:datafield>
    <marc:datafield tag="692" ind1="0" ind2="7">
      <marc:subfield code="2">gccst</marc:subfield>
      <marc:subfield code="a">Statistiques</marc:subfield>
    </marc:datafield>
    <marc:datafield tag="692" ind1="0" ind2="7">
      <marc:subfield code="2">gccst</marc:subfield>
      <marc:subfield code="a">Salubrité des aliments</marc:subfield>
    </marc:datafield>
    <marc:datafield tag="710" ind1="2" ind2=" ">
      <marc:subfield code="a">Agence de santé publique du Canada. </marc:subfield>
      <marc:subfield code="b">Direction générale de la prévention et du contrôle des maladies infectieuses.</marc:subfield>
    </marc:datafield>
    <marc:datafield tag="710" ind1="2" ind2=" ">
      <marc:subfield code="a">Centre des maladies infectieuses d'origine alimentaire, environnementale et zoonotique (Canada)</marc:subfield>
    </marc:datafield>
    <marc:datafield tag="775" ind1="0" ind2="8">
      <marc:subfield code="t">Foodbook report </marc:subfield>
      <marc:subfield code="w">(CaOODSP)9.803662</marc:subfield>
    </marc:datafield>
    <marc:datafield tag="794" ind1=" " ind2=" ">
      <marc:subfield code="t">Rapport sur l'atlas alimentaire 2.0.</marc:subfield>
      <marc:subfield code="b">2024</marc:subfield>
      <marc:subfield code="w">(CaOODSP)9.938451</marc:subfield>
    </marc:datafield>
    <marc:datafield tag="856" ind1="4" ind2="0">
      <marc:subfield code="q">PDF</marc:subfield>
      <marc:subfield code="s">2.08 Mo</marc:subfield>
      <marc:subfield code="u">https://publications.gc.ca/collections/collection_2016/aspc-phac/HP40-146-2015-fra.pdf</marc:subfield>
    </marc:datafield>
    <marc:datafield tag="986" ind1=" " ind2=" ">
      <marc:subfield code="a">150112</marc:subfield>
    </marc:datafield>
  </marc:record>
</marc:collection>
